[Event "LTU chess league"]
[Site "LTU"]
[Date "2009.02.08"]
[Round "6.15"]
[White "Kalvyte, Vesta"]
[Black "Zaksaite, Salomeja"]
[Result "1-0"]
[WhiteElo "1981"]
[BlackElo "2211"]
[PlyCount "83"]
[EventDate "2008.11.08"]

1. e4 c5 2. Nf3 Nc6 3. d4 cxd4 4. Nxd4 e5 5. Nb5 d6 6. c4 Be6 7. N1c3 a6 8. Na3
Be7 9. Nc2 Bg5 10. Be2 Bxc1 11. Rxc1 Nf6 12. O-O O-O 13. b4 Ne8 14. Nd5 g6 15.
a4 a5 16. b5 Nb8 17. Na1 Nd7 18. Nb3 f5 19. exf5 gxf5 20. f4 e4 21. c5 dxc5 22.
Nxc5 Nxc5 23. Rxc5 b6 24. Nc7 Nxc7 25. Qxd8 Raxd8 26. Rxc7 Rd2 27. Bc4 Bxc4 28.
Rxc4 Rfd8 29. Rfc1 e3 30. Re1 Ra2 31. h3 Rd3 32. Rc8+ Kf7 33. Rc7+ Kg6 34. Rc6+
Kh5 35. Rf6 Kh4 36. Rxf5 Kg3 37. Rg5+ Kxf4 38. Rg4+ Ke5 39. Rh4 Kd5 40. Rxh7
Rxa4 41. Rd7+ Kc4 42. Rc1+ 1-0

[Event "LTU chess league"]
[Site "LTU"]
[Date "2009.02.08"]
[Round "6.21"]
[White "Asauskas, Henrikas"]
[Black "Zilinskas, Vaidas"]
[Result "0-1"]
[WhiteElo "2320"]
[BlackElo "2131"]
[PlyCount "79"]
[EventDate "2008.11.08"]

1. e4 e5 2. f4 Bc5 3. Nf3 d6 4. Nc3 Nc6 5. Bb5 Nf6 6. fxe5 dxe5 7. Bxc6+ bxc6
8. d3 Qd6 9. Na4 O-O 10. Nxc5 Qxc5 11. Qe2 Ba6 12. Bg5 Ne8 13. Be3 Qb4+ 14. Qd2
Qxd2+ 15. Kxd2 f6 16. a4 Nd6 17. Kc3 Bc8 18. Rhg1 h5 19. Raf1 Be6 20. Nh4 g5
21. Nf3 Kg7 22. Rf2 a6 23. Rgf1 Rf7 24. b3 Rb8 25. Ba7 Ra8 26. Bc5 Nb7 27. Ba3
c5 28. Nd2 a5 29. Nc4 Ra6 30. Ne3 Rc6 31. Kd2 Kg6 32. Nc4 Bxc4 33. bxc4 Rb6 34.
Ra1 Rd7 35. Kc3 Rd8 36. Rff1 Rb8 37. g3 Kf7 38. Kd2 Kg6 39. Bb2 Rf8 40. Ra2 0-1

[Event "LTU chess league"]
[Site "LTU"]
[Date "2009.02.08"]
[Round "6.22"]
[White "Tamosaitis, Rimas"]
[Black "Savickas, Airidas"]
[Result "0-1"]
[WhiteElo "2196"]
[BlackElo "2352"]
[PlyCount "120"]
[EventDate "2008.11.08"]

1. d4 d6 2. e4 Nf6 3. Nc3 c6 4. Bg5 Nbd7 5. Bc4 b5 6. Bd3 e5 7. d5 Bb7 8. dxc6
Bxc6 9. Nd5 Bxd5 10. exd5 Qb6 11. Bf5 g6 12. Bxd7+ Nxd7 13. Qd2 Bg7 14. Be3 Qb7
15. c3 Nb6 16. Bxb6 Qxb6 17. Ne2 O-O 18. O-O Rab8 19. Rac1 Rfc8 20. Rfd1 Rc4
21. Qd3 Rbc8 22. Qe3 Qb7 23. g3 f5 24. f4 Bh6 25. Rd3 Re4 26. Qf2 Re8 27. Kf1
Qa6 28. a3 b4 29. c4 Rxc4 30. Rcd1 exf4 31. Nxf4 Bxf4 32. gxf4 Ree4 33. Kg1
Rxf4 34. Rf3 Rxf3 35. Qxf3 bxa3 36. bxa3 Qb5 37. Re1 Rg4+ 38. Kh1 Rd4 39. Rd1
Re4 40. Qc3 Re5 41. Qc8+ Re8 42. Qc2 Qe2 43. Qxe2 Rxe2 44. Rb1 Ra2 45. Rb8+ Kf7
46. Rb7+ Kf6 47. Rxa7 h6 48. h4 g5 49. Rh7 g4 50. Rxh6+ Ke5 51. h5 Rxa3 52. Kg2
Kxd5 53. Rg6 Ke5 54. h6 Rh3 55. Kf2 d5 56. Ke2 Kf4 57. Rd6 Rh2+ 58. Kf1 Kg3 59.
Rxd5 f4 60. h7 f3 0-1

[Event "LTU chess league"]
[Site "LTU"]
[Date "2009.02.08"]
[Round "6.23"]
[White "Kalvaitis, Sigitas"]
[Black "Narmontas, Raimondas"]
[Result "1-0"]
[WhiteElo "2230"]
[BlackElo "2131"]
[PlyCount "59"]
[EventDate "2008.11.08"]

1. e4 c6 2. d4 d5 3. Nc3 g6 4. h3 Bg7 5. Nf3 Nh6 6. Bf4 f6 7. Qd2 Nf7 8. e5 O-O
9. O-O-O b5 10. Bd3 a5 11. Rde1 Na6 12. h4 b4 13. Na4 Bg4 14. Nh2 Bc8 15. Nf3
Bg4 16. h5 g5 17. e6 Bxf3 18. exf7+ Rxf7 19. gxf3 gxf4 20. h6 Bh8 21. Bxa6 e5
22. Bf1 Qd6 23. Bh3 f5 24. dxe5 Bxe5 25. Nc5 Bxb2+ 26. Kxb2 Qxc5 27. Qxf4 Qc3+
28. Kb1 Qf6 29. Rhg1+ Kh8 30. Re5 1-0

[Event "LTU chess league"]
[Site "LTU"]
[Date "2009.02.07"]
[Round "6.31"]
[White "Sulskis, Sarunas"]
[Black "Starostits, Ilmars"]
[Result "1/2-1/2"]
[WhiteElo "2572"]
[BlackElo "2480"]
[PlyCount "114"]
[EventDate "2008.11.08"]

1. e4 b6 2. d4 Bb7 3. Nc3 e6 4. Bd3 d6 5. f4 c5 6. d5 exd5 7. Nxd5 Ne7 8. Bc4
Nd7 9. Ne2 a6 10. Nec3 b5 11. Nxe7 Bxe7 12. Bd5 Bxd5 13. Nxd5 Nf6 14. O-O O-O
15. a4 b4 16. Qd3 Nxd5 17. Qxd5 Bf6 18. c3 bxc3 19. bxc3 Bxc3 20. Ra3 Bd4+ 21.
Be3 Bxe3+ 22. Rxe3 Rb8 23. Rd1 Qf6 24. e5 dxe5 25. fxe5 Qd8 26. Rc3 Qa5 27.
Rxc5 Qxa4 28. Ra5 Qc2 29. Rxa6 Rb5 30. Qxb5 Qxd1+ 31. Kf2 Qd4+ 32. Kf3 h5 33.
Rd6 Qg4+ 34. Kf2 Qh4+ 35. Kg1 Qe4 36. Qf1 Qxe5 37. Rd1 Re8 38. h3 Qg5 39. Qf3
Re3 40. Rd8+ Qxd8 41. Qxe3 Qd5 42. h4 g6 43. g3 Qd1+ 44. Kf2 Qc2+ 45. Kg1 Qb2
46. Kf1 Kg7 47. Kg1 Kf6 48. Qf4+ Kg7 49. Qe4 g5 50. hxg5 Qc1+ 51. Kg2 Qxg5 52.
Kh3 f5 53. Qb7+ Kg6 54. Qc6+ Qf6 55. Qe8+ Kh6 56. Qe3+ Kg7 57. Qe8 Kh6 1/2-1/2

[Event "LTU chess league"]
[Site "LTU"]
[Date "2009.02.07"]
[Round "6.32"]
[White "Labeckas, Kestutis"]
[Black "Malisauskas, Vidmantas"]
[Result "0-1"]
[WhiteElo "2345"]
[BlackElo "2479"]
[PlyCount "110"]
[EventDate "2008.11.08"]

1. d4 Nf6 2. c4 g6 3. Bg5 Ne4 4. Bf4 e5 5. dxe5 Bb4+ 6. Nd2 d6 7. Ngf3 Nc6 8.
a3 Nxd2 9. Nxd2 dxe5 10. Be3 Be7 11. g3 Nd4 12. Nb3 c5 13. Bg2 Qb6 14. Nxd4
exd4 15. Bc1 O-O 16. O-O Bf6 17. Ra2 Be6 18. b3 Rad8 19. Be4 Rfe8 20. Qd3 Bh3
21. Re1 Rd7 22. f3 Be5 23. Bd2 Qc7 24. Kf2 Rde7 25. b4 Bd6 26. bxc5 Bxc5 27.
Bf4 Qd7 28. Rd1 Qa4 29. Rc1 b6 30. Qd1 Qd7 31. Bd3 Bf5 32. Kg2 f6 33. h4 Kg7
34. Qd2 Bxd3 35. Qxd3 Bd6 36. Bxd6 Qxd6 37. Rd1 Qc6 38. Rdd2 Qc5 39. Rd1 Rd8
40. e4 Rc7 41. Rc2 b5 42. Rdc1 Rdc8 43. Rd1 bxc4 44. Qxd4 Qxa3 45. e5 Qe7 46.
exf6+ Qxf6 47. Qg4 h5 48. Qe4 c3 49. Rd5 Rb8 50. g4 hxg4 51. fxg4 Rb2 52. h5
Re7 53. Qd3 Rxc2+ 54. Qxc2 Qc6 55. h6+ Kh7 0-1

[Event "LTU chess league"]
[Site "LTU"]
[Date "2009.02.07"]
[Round "6.33"]
[White "Butnorius, Algimantas"]
[Black "Zapolskis, Antanas"]
[Result "1-0"]
[WhiteElo "2438"]
[BlackElo "2346"]
[PlyCount "89"]
[EventDate "2008.11.08"]

1. d4 b5 2. e4 Bb7 3. Nd2 a6 4. Ngf3 e6 5. Bd3 c5 6. dxc5 Bxc5 7. O-O d6 8. a4
bxa4 9. Rxa4 Nf6 10. Qe2 O-O 11. Nb3 Bb6 12. Bg5 h6 13. Bh4 Bc6 14. Raa1 e5 15.
Nfd2 d5 16. Bxf6 Qxf6 17. Na5 Bxa5 18. Rxa5 dxe4 19. Nxe4 Qd8 20. Rfa1 Re8 21.
b4 Nd7 22. Rxa6 Rxa6 23. Rxa6 Bxe4 24. Bxe4 Nf6 25. Bc6 Rf8 26. c3 e4 27. h3
Qc7 28. b5 Rd8 29. Ra1 Qe5 30. Rc1 Rd3 31. c4 Qd4 32. c5 Rd2 33. Qe3 Qb2 34.
Re1 Rd3 35. Qc1 Qd4 36. Qa1 Qd8 37. Qa8 Qxa8 38. Bxa8 Rb3 39. Bc6 Kf8 40. b6
Ke7 41. Ra1 Ke6 42. Ra8 Nd5 43. b7 Ne7 44. Bxe4 f5 45. Bf3 1-0

[Event "LTU chess league"]
[Site "LTU"]
[Date "2009.02.07"]
[Round "6.34"]
[White "Zickus, Simonas"]
[Black "Beinoras, Mindaugas"]
[Result "1/2-1/2"]
[WhiteElo "2315"]
[BlackElo "2434"]
[PlyCount "98"]
[EventDate "2008.11.08"]

1. Nf3 d5 2. g3 Nf6 3. Bg2 c6 4. O-O Bf5 5. d3 e6 6. Nc3 h6 7. Nd2 d4 8. Nce4
Be7 9. c3 Nxe4 10. Nxe4 e5 11. f4 dxc3 12. bxc3 exf4 13. Bxf4 O-O 14. Rb1 Qd7
15. Be3 Na6 16. Rxf5 Qxf5 17. Rxb7 Qe6 18. Qb3 Rab8 19. Bxa7 Rxb7 20. Qxb7 Nc5
21. Bxc5 Bxc5+ 22. Nxc5 Qe3+ 23. Kf1 Qxc5 24. c4 Qf5+ 25. Bf3 c5 26. Kg2 Qe5
27. Qd5 Qxd5 28. Bxd5 Rb8 29. a4 Rb6 30. Kf3 Kf8 31. e3 Ra6 32. d4 Rxa4 33.
dxc5 Ke7 34. c6 Ra2 35. h4 Rc2 36. Kf4 Kd6 37. e4 Rf2+ 38. Ke3 Rf1 39. Ke2 Ra1
40. e5+ Ke7 41. c7 Kd7 42. Bxf7 Kxc7 43. Bd5 Ra3 44. Kf2 Kb6 45. e6 Kc7 46. Kg2
Kd6 47. Kh3 Ke7 48. Kg4 g6 49. Kf4 Kd6 1/2-1/2

[Event "LTU chess league"]
[Site "LTU"]
[Date "2009.02.07"]
[Round "6.35"]
[White "Laurusaite, Brigita"]
[Black "Berzina, Ilze"]
[Result "0-1"]
[WhiteElo "2058"]
[BlackElo "2320"]
[PlyCount "108"]
[EventDate "2008.11.08"]

1. e4 c6 2. d4 d5 3. Nd2 dxe4 4. Nxe4 Nd7 5. Bd3 Ngf6 6. Ng5 e6 7. Qe2 Bd6 8.
N1f3 h6 9. Ne4 Nxe4 10. Qxe4 Nf6 11. Qh4 Ke7 12. Bf4 Bb4+ 13. c3 g5 14. Bxg5
hxg5 15. Qxg5 Bd6 16. g3 Bd7 17. O-O-O Rg8 18. Qd2 Qa5 19. Kb1 Rae8 20. Rhe1
Kd8 21. h4 Kc8 22. Ng5 Re7 23. Qe2 Kb8 24. Qf3 Nd5 25. Ne4 Ba3 26. Bc4 f5 27.
Bxd5 cxd5 28. Nf6 Qb6 29. b4 Rc8 30. Nxd5 exd5 31. Rxe7 Bxb4 32. cxb4 Qxb4+ 33.
Ka1 Qxe7 34. Qxd5 Ba4 35. Rb1 Bc2 36. Rc1 a6 37. Qa5 Qd7 38. Qd2 Be4 39. Rxc8+
Qxc8 40. f3 Bd5 41. Kb2 Ka8 42. Qe3 Qc4 43. g4 Qxa2+ 44. Kc1 fxg4 45. fxg4 Qg2
46. Qe5 Be4 47. Qe8+ Ka7 48. Qc8 Qg1+ 49. Kd2 Qxd4+ 50. Ke2 Bd3+ 51. Kf3 Qe4+
52. Kf2 Qe2+ 53. Kg3 Qe3+ 54. Kg2 Be4+ 0-1

[Event "LTU chess league"]
[Site "LTU"]
[Date "2009.02.08"]
[Round "6.41"]
[White "Bucinskas, Valdas"]
[Black "Rozentalis, Eduardas"]
[Result "0-1"]
[WhiteElo "2325"]
[BlackElo "2577"]
[PlyCount "132"]
[EventDate "2008.11.08"]

1. e4 c6 2. d4 d5 3. Nc3 g6 4. Nf3 Bg4 5. Be2 Bg7 6. Be3 e6 7. O-O Ne7 8. Qd2
O-O 9. Rad1 Nd7 10. Bh6 Bxf3 11. Bxf3 b5 12. Rfe1 Qb6 13. h4 b4 14. Ne2 dxe4
15. Bxe4 Nf6 16. Nc1 Rad8 17. Nb3 Nxe4 18. Rxe4 Bxh6 19. Qxh6 Nf5 20. Qc1 h5
21. c3 Rd5 22. Rde1 Qa6 23. Qc2 Qc4 24. g3 a5 25. Qe2 Qxe2 26. R4xe2 a4 27. Nd2
a3 28. Nf3 bxc3 29. bxc3 c5 30. Rb1 cxd4 31. Nxd4 Nxd4 32. cxd4 Rxd4 33. Rb3
Ra8 34. Kg2 Ra7 35. Kf3 Kg7 36. Rc2 Kf6 37. Ke3 Rda4 38. Rc6 g5 39. hxg5+ Kxg5
40. Kf3 h4 41. gxh4+ Rxh4 42. Ke2 Re4+ 43. Kf3 Re5 44. Rcc3 Rea5 45. Ke2 f5 46.
Rg3+ Kf6 47. Rgc3 Ra4 48. Rc6 Re4+ 49. Kf1 f4 50. Rcc3 Rea4 51. Rc8 Ra8 52. Rc6
Kf5 53. Rc7 e5 54. Ke2 R4a7 55. Rc5 Ra5 56. Rc7 R8a6 57. Rf7+ Ke6 58. Rc7 e4
59. Rc8 Ke5 60. Rc4 Kf5 61. Rbb4 Re5 62. f3 Rae6 63. Kf1 Rh6 64. Rxe4 Rxe4 65.
fxe4+ Kg4 66. Rb3 f3 0-1

[Event "LTU chess league"]
[Site "LTU"]
[Date "2009.02.08"]
[Round "6.42"]
[White "Burstein, Roman"]
[Black "Mickevicius, Juras"]
[Result "1/2-1/2"]
[WhiteElo "2331"]
[BlackElo "2322"]
[PlyCount "89"]
[EventDate "2008.11.08"]

1. c4 e6 2. Nf3 Nf6 3. g3 d5 4. Bg2 Be7 5. O-O O-O 6. b3 b6 7. Bb2 Bb7 8. e3 c5
9. cxd5 exd5 10. d4 Na6 11. Nc3 Nc7 12. Ne5 Bd6 13. Rc1 Qe7 14. Qc2 Ne6 15. Nb5
Bb8 16. dxc5 bxc5 17. Nd3 a6 18. Bxf6 gxf6 19. Nc3 c4 20. Nf4 Bxf4 21. exf4
Rab8 22. Qe2 d4 23. Bxb7 dxc3 24. Bd5 cxb3 25. Bxb3 Qc5 26. Bxe6 fxe6 27. Qxe6+
Rf7 28. Rfd1 Kg7 29. Rd7 Rxd7 30. Qxd7+ Kh8 31. Qd3 Rb2 32. Qe3 Qxe3 33. fxe3
c2 34. Kf2 Rxa2 35. Ke2 f5 36. Kd2 Kg7 37. h3 h5 38. Kd3 Ra3+ 39. Kd4 Ra4+ 40.
Ke5 Ra5+ 41. Kd6 Ra3 42. Ke5 Kg6 43. Kd4 Ra2 44. Kc3 Ra3+ 45. Kd4 1/2-1/2

[Event "LTU chess league"]
[Site "LTU"]
[Date "2009.02.08"]
[Round "6.43"]
[White "Chocenka, Dmitrijus"]
[Black "Baliasnyj, Timur"]
[Result "1-0"]
[WhiteElo "2297"]
[BlackElo "2238"]
[PlyCount "111"]
[EventDate "2008.11.08"]

1. e4 c5 2. Nf3 d6 3. Nc3 Nf6 4. Bc4 e6 5. d4 cxd4 6. Nxd4 Be7 7. O-O O-O 8.
Bb3 Na6 9. Qe2 Nc5 10. Rd1 Qb6 11. Be3 a6 12. Nf3 Qc7 13. Bd4 b5 14. e5 dxe5
15. Bxe5 Qb6 16. Bd4 Bb7 17. a4 b4 18. Na2 Qc7 19. Be5 Bxf3 20. gxf3 Qb7 21.
Bc4 Rfd8 22. b3 a5 23. c3 bxc3 24. Nxc3 Rxd1+ 25. Rxd1 Rd8 26. Rxd8+ Bxd8 27.
Nb5 Nfd7 28. Bc3 Bf6 29. Bxa5 Ne5 30. Kg2 Ng6 31. Qe3 Qc6 32. Nd4 Nh4+ 33. Kf1
Qd6 34. Ne2 Nd7 35. Qd3 Qxd3 36. Bxd3 Nc5 37. Bc2 Nxf3 38. Kg2 Ne5 39. Bd2 Na6
40. b4 Nc4 41. Be1 Nb2 42. b5 Nc7 43. Bb4 Nd5 44. Bc5 Bd8 45. Nd4 e5 46. Nc6
Bc7 47. a5 Nc4 48. a6 Bb6 49. Bxb6 Ndxb6 50. Bd3 f6 51. a7 Nd6 52. Ne7+ Kf7 53.
Nd5 Nxd5 54. a8=Q Nf4+ 55. Kf1 Nxd3 56. Qd5+ 1-0

[Event "LTU chess league"]
[Site "LTU"]
[Date "2009.02.08"]
[Round "6.44"]
[White "Molofej, Denis"]
[Black "Limontas, Martynas"]
[Result "0-1"]
[WhiteElo "2014"]
[BlackElo "2282"]
[PlyCount "100"]
[EventDate "2008.11.08"]

1. e4 Nf6 2. Nc3 e5 3. Nf3 Nc6 4. d4 Bb4 5. Nxe5 Qe7 6. Nxc6 Qxe4+ 7. Qe2 dxc6
8. Bd2 Qxe2+ 9. Bxe2 Bf5 10. O-O-O O-O-O 11. Bg5 Rde8 12. Bf3 Bxc3 13. bxc3 Nd7
14. Rhe1 Nb6 15. Bd2 Be6 16. Kb1 Kd8 17. Bg5+ f6 18. Be3 Bd5 19. Bxd5 cxd5 20.
Kb2 Re6 21. Bd2 Nc4+ 22. Kc1 Ra6 23. Kb1 Ra3 24. Bc1 Rxc3 25. Bb2 Nxb2 26. Kxb2
Rc6 27. Re3 Re8 28. Rde1 Rxe3 29. Rxe3 Kd7 30. Kc1 Re6 31. Rb3 b6 32. Rg3 g6
33. Kd2 Re4 34. c3 Kc6 35. Rh3 h5 36. Rg3 Rg4 37. Rf3 f5 38. g3 Re4 39. Kc2 Kd6
40. h3 c5 41. dxc5+ bxc5 42. Kb3 Ke5 43. a3 a5 44. Kc2 g5 45. Kd3 g4 46. hxg4
hxg4 47. Re3 d4 48. cxd4+ cxd4 49. Rxe4+ fxe4+ 50. Kc4 d3 0-1

[Event "LTU chess league"]
[Site "LTU"]
[Date "2009.02.08"]
[Round "6.45"]
[White "Prismontaite, Reda"]
[Black "Potapova, Jelizaveta"]
[Result "0-1"]
[WhiteElo "2011"]
[BlackElo "1946"]
[PlyCount "162"]
[EventDate "2008.11.08"]

1. d4 Nf6 2. c4 e6 3. Nf3 b6 4. g3 Ba6 5. b3 Bb4+ 6. Bd2 Bxd2+ 7. Nbxd2 Bb7 8.
Bg2 O-O 9. Qc2 d6 10. O-O Nbd7 11. e4 e5 12. Rad1 Qe7 13. Rfe1 a5 14. a4 Rae8
15. Nf1 exd4 16. Nxd4 Nc5 17. f3 Nfd7 18. Nf5 Qf6 19. N1e3 Ne5 20. f4 Ned7 21.
Nd5 Qd8 22. Qb2 f6 23. Nd4 c6 24. Nc3 Qc7 25. Nf5 Re6 26. Ne2 g6 27. Nh6+ Kg7
28. Ng4 h5 29. Nf2 Rfe8 30. Nd4 R6e7 31. Qd2 Nb8 32. Bf3 Nba6 33. f5 g5 34.
Bxh5 Rh8 35. Bg4 Nb4 36. Ne6+ Nxe6 37. fxe6 Bc8 38. Qxd6 Qxd6 39. Rxd6 Rhe8 40.
e5 Bxe6 41. exf6+ Kxf6 42. Ne4+ Kg7 43. Bh5 Bf7 44. Bxf7 Rxf7 45. Rd2 Rfe7 46.
Rde2 Nd3 47. Rd1 Nc5 48. Nxc5 Rxe2 49. Nb7 Rh8 50. Rd7+ Kf6 51. Rd6+ Kf5 52.
Rxc6 Rhxh2 53. Nd6+ Kg4 54. Ne4 Rb2 55. Rf6 Rhg2+ 56. Kf1 Rgc2 57. Nf2+ Kxg3
58. Ne4+ Kg4 59. Nf2+ Kh5 60. Rf3 Rc1+ 61. Kg2 g4 62. Rf5+ Kg6 63. Rf4 Rcc2 64.
Kg3 Rxb3+ 65. Kxg4 Rc1 66. Rd4 Rg1+ 67. Kf4 Rf1 68. Rd2 Rc3 69. Ke5 Rxc4 70.
Rd6+ Kf7 71. Nd3 Rb1 72. Kd5 Rxa4 73. Ne5+ Kg7 74. Rg6+ Kh7 75. Rf6 Rb5+ 76.
Ke6 Re4 77. Rf7+ Kh6 78. Rf6+ Kh5 79. Rf5+ Kh4 80. Kf6 Rexe5 81. Rxe5 Rxe5 0-1

[Event "LTU chess league"]
[Site "LTU"]
[Date "2009.02.08"]
[Round "6.51"]
[White "Macenis, Audrius"]
[Black "Narmontas, Matas"]
[Result "1/2-1/2"]
[WhiteElo "2165"]
[BlackElo "2363"]
[PlyCount "56"]
[EventDate "2008.11.08"]

1. e4 c5 2. Nf3 e6 3. c3 b6 4. d4 Bb7 5. Bd3 Nf6 6. Qe2 Be7 7. Bg5 h6 8. Bxf6
Bxf6 9. dxc5 bxc5 10. e5 Be7 11. Nbd2 d5 12. exd6 Qxd6 13. Bb5+ Bc6 14. Nc4 Qc7
15. Nce5 O-O 16. Nxc6 Nxc6 17. O-O Bd6 18. Rfd1 Ne7 19. Bc4 Kh8 20. Rd3 Ng6 21.
g3 Rad8 22. Rad1 Qc6 23. R1d2 Bc7 24. Rxd8 Rxd8 25. Rxd8+ Bxd8 26. Bd3 Bf6 27.
Bxg6 fxg6 28. a3 Qb7 1/2-1/2

[Event "LTU chess league"]
[Site "LTU"]
[Date "2009.02.08"]
[Round "6.52"]
[White "Dubovikas, Tomas"]
[Black "Vasylius, Kestutis"]
[Result "1-0"]
[WhiteElo "2185"]
[BlackElo "2005"]
[PlyCount "157"]
[EventDate "2008.11.08"]

1. e4 c5 2. Nf3 d6 3. d4 cxd4 4. Nxd4 Nf6 5. Nc3 a6 6. Bg5 e6 7. f4 Nbd7 8. Qf3
Be7 9. O-O-O h6 10. Bh4 g5 11. fxg5 Ne5 12. gxf6 Nxf3 13. fxe7 Qa5 14. gxf3 Qh5
15. Bf6 Rg8 16. Rg1 Rg6 17. Nf5 exf5 18. Nd5 Be6 19. Nc7+ Kd7 20. Nxa8 Rxf6 21.
e5 Kxe7 22. exf6+ Kxf6 23. Kb1 Qxh2 24. Rg2 Qf4 25. Nc7 Qxf3 26. Rgd2 d5 27.
Nxd5+ Kg7 28. Bg2 Qg3 29. Bh1 Qe5 30. Nc3 b5 31. Bd5 b4 32. Na4 f4 33. Nc5 Bg4
34. Rg1 f5 35. Rf1 f3 36. Ne6+ Kf6 37. Bc4 h5 38. Nd4 h4 39. b3 h3 40. Rff2 a5
41. Bb5 Kg5 42. Bc6 Qe1+ 43. Kb2 Kh4 44. Bxf3 Kg3 45. Bxg4 Kxg4 46. Nxf5 Qe5+
47. Nd4 Qe3 48. Nf3 Kg3 49. Rfe2 Qc3+ 50. Kb1 Kxf3 51. Rh2 Kg4 52. Rd1 Qc5 53.
Rdh1 Qc7 54. Rxh3 Qd8 55. Rd3 Qc7 56. Rf1 Qe7 57. Rd5 Qc7 58. Rff5 Qc3 59. Rfe5
Kf4 60. Rxa5 Qd4 61. Rad5 Qc3 62. Re2 Qh8 63. Red2 Ke3 64. R2d3+ Ke4 65. R5d4+
Ke5 66. Rxb4 Kf5 67. Rbd4 Qc8 68. a4 Ke5 69. a5 Qb7 70. Rd6 Ke4 71. a6 Qa7 72.
b4 Qb8 73. R3d4+ Ke3 74. Rd7 Qb5 75. a7 Qa4 76. Kb2 Kf3 77. c3 Ke3 78. Re7+ Kf3
79. Re8 1-0

[Event "LTU chess league"]
[Site "LTU"]
[Date "2009.02.08"]
[Round "6.53"]
[White "Setkauskas, Vaidas"]
[Black "Adomaitis, Edgaras"]
[Result "1-0"]
[WhiteElo "2065"]
[BlackElo "1985"]
[PlyCount "59"]
[EventDate "2008.11.08"]

1. e4 d6 2. d4 Nf6 3. Nc3 g6 4. Nf3 Bg7 5. Be2 O-O 6. O-O c6 7. a4 Bg4 8. Be3
Nbd7 9. Qd2 Qc7 10. Rad1 a6 11. h3 Bxf3 12. Bxf3 Rfd8 13. g3 b5 14. Bg2 Nb6 15.
b3 bxa4 16. Nxa4 Nxa4 17. bxa4 Rab8 18. Rb1 Nd7 19. Rfc1 c5 20. Qd3 Qa5 21. Bf1
cxd4 22. Bxd4 Rxb1 23. Rxb1 Qxa4 24. Bxg7 Kxg7 25. Qc3+ Kg8 26. Ra1 Qxe4 27.
Re1 Qf5 28. Qc7 Rf8 29. g4 Qc5 30. Qxd7 1-0

[Event "LTU chess league"]
[Site "LTU"]
[Date "2009.02.08"]
[Round "6.54"]
[White "Klabis, Rokas"]
[Black "Rimeikis, Andrius"]
[Result "0-1"]
[WhiteElo "1849"]
[BlackElo "1983"]
[PlyCount "52"]
[EventDate "2008.11.08"]

1. e4 e5 2. Nf3 Nc6 3. Bc4 Nf6 4. Ng5 d5 5. exd5 Nd4 6. c3 b5 7. Bf1 Nxd5 8.
Nxf7 Kxf7 9. cxd4 exd4 10. Qf3+ Nf6 11. Bxb5 Be6 12. Bc6 Rb8 13. h3 Rb6 14. Be4
Bc5 15. O-O Rf8 16. d3 Kg8 17. Bg5 Rxb2 18. Bxf6 Qxf6 19. Bxh7+ Kxh7 20. Qh5+
Kg8 21. Qxc5 Rxf2 22. Nd2 Qh4 23. Ne4 Rxg2+ 24. Kxg2 Bxh3+ 25. Kh1 Bxf1+ 26.
Kg1 Qg4+ 0-1

[Event "LTU chess league"]
[Site "LTU"]
[Date "2009.02.08"]
[Round "6.55"]
[White "Zalimaite, Ieva"]
[Black "Paulauskaite, Gintare"]
[Result "0-1"]
[WhiteElo "1865"]
[BlackElo "2025"]
[PlyCount "96"]
[EventDate "2008.11.08"]

1. c4 e5 2. g3 d6 3. Bg2 Nf6 4. Nc3 g6 5. e3 Bg7 6. Nge2 O-O 7. d4 Nc6 8. O-O
Bf5 9. a3 Qd7 10. Nd5 Bh3 11. Ndc3 Rae8 12. d5 Nd8 13. e4 Bxg2 14. Kxg2 Nh5 15.
Be3 f5 16. f3 f4 17. gxf4 Nxf4+ 18. Nxf4 exf4 19. Bd4 Bxd4 20. Qxd4 a6 21. h4
Re5 22. Rh1 Rh5 23. Rh2 Nf7 24. Kf2 Ne5 25. Ne2 Qa4 26. Rc1 Qb3 27. Qc3 Nd3+
28. Kf1 Nxc1 29. Nxc1 Qxc3 30. bxc3 c5 31. Kg2 h6 32. Kh3 g5 33. Kg4 Rxh4+ 34.
Rxh4 gxh4 35. Nd3 b5 36. cxb5 axb5 37. Nxf4 h5+ 38. Nxh5 h3 39. f4 h2 40. Ng3
Ra8 41. e5 dxe5 42. fxe5 Rxa3 43. d6 Kf8 44. d7 Ke7 45. e6 Rxc3 46. Nf5+ Kd8
47. Nd6 Rd3 48. Nb7+ Ke7 0-1

[Event "LTU chess league"]
[Site "LTU"]
[Date "2009.03.01"]
[Round "7.11"]
[White "Bandza, Algirdas"]
[Black "Macenis, Audrius"]
[Result "1-0"]
[WhiteElo "2378"]
[BlackElo "2165"]
[PlyCount "87"]
[EventDate "2008.11.08"]

1. c4 e5 2. Nc3 Bb4 3. Qc2 Nc6 4. e3 Bxc3 5. Qxc3 Nge7 6. Nf3 d6 7. b4 Bg4 8.
b5 Bxf3 9. gxf3 Nb8 10. f4 f6 11. fxe5 fxe5 12. Bg2 c6 13. c5 O-O 14. Bb2 Ng6
15. cxd6 Qg5 16. Bf1 cxb5 17. Qc7 Qf5 18. Qxb7 Qxf2+ 19. Kd1 Nd7 20. Be2 Nf6
21. Rc1 Rab8 22. Qc7 Qg2 23. Rf1 Qd5 24. Rc2 Qxa2 25. h4 Qb1+ 26. Bc1 Qb3 27.
Ke1 Nxh4 28. Rxf6 Ng2+ 29. Kf2 Rxf6+ 30. Kg1 Rbf8 31. d7 Ne1 32. Rc4 Rg6+ 33.
Kh2 Nf3+ 34. Bxf3 Qd3 35. Rg4 Rxg4 36. Bxg4 Qf1 37. d8=Q Qf2+ 38. Kh3 Qf1+ 39.
Kh4 Qh1+ 40. Bh3 Qe1+ 41. Kg5 Qg3+ 42. Bg4 h6+ 43. Kh5 g6+ 44. Kxh6 1-0

[Event "LTU chess league"]
[Site "LTU"]
[Date "2009.03.01"]
[Round "7.12"]
[White "Setkauskas, Vaidas"]
[Black "Dambrauskas, Virginijus"]
[Result "1-0"]
[WhiteElo "2065"]
[BlackElo "2338"]
[PlyCount "66"]
[EventDate "2008.11.08"]

1. e4 c6 2. d4 d5 3. Nc3 dxe4 4. Nxe4 Bf5 5. Nc5 Nd7 6. Nb3 Ngf6 7. Nf3 e6 8.
g3 Be7 9. Bg2 O-O 10. O-O Rc8 11. Qe2 c5 12. dxc5 Nxc5 13. Rd1 Qe8 14. Nfd4 Bg4
15. f3 Bh5 16. Be3 a6 17. c3 Bg6 18. Nxc5 Bxc5 19. Nb3 Bxe3+ 20. Qxe3 Nd5 21.
Qe2 Qa4 22. Rd4 Qe8 23. f4 f6 24. Re1 Nc7 25. Bxb7 Rb8 26. Bxa6 Nxa6 27. Qxa6
e5 28. Rd2 Ra8 29. Qd6 Qf7 30. fxe5 fxe5 31. Nc5 Rxa2 32. Nd7 Re8 33. Rf2 Qb3
1-0

[Event "LTU chess league"]
[Site "LTU"]
[Date "2009.03.01"]
[Round "7.13"]
[White "Novikov, Vitalij"]
[Black "Rimeikis, Andrius"]
[Result "1-0"]
[WhiteElo "2325"]
[BlackElo "1983"]
[PlyCount "87"]
[EventDate "2008.11.08"]

1. e4 e5 2. Nf3 Nc6 3. Bb5 a6 4. Bxc6 dxc6 5. O-O Bg4 6. h3 h5 7. d3 Qf6 8.
Nbd2 Ne7 9. Re1 Bxf3 10. Qxf3 Qe6 11. Nb3 f6 12. d4 exd4 13. Nxd4 Qe5 14. Qe3
O-O-O 15. Nf3 Qb5 16. a4 Qb6 17. Qxb6 cxb6 18. Be3 c5 19. a5 Kc7 20. axb6+ Kxb6
21. Rad1 Nc6 22. Rxd8 Nxd8 23. Nh4 Ne6 24. Ng6 Rg8 25. Rd1 Kc6 26. f4 Bd6 27.
e5 fxe5 28. fxe5 Bf8 29. Nxf8 Nxf8 30. Rd8 Kc7 31. Bg5 Rh8 32. e6 Nxe6 33. Rxh8
Nxg5 34. Rxh5 Ne6 35. Kf2 b5 36. Ke3 a5 37. Ke4 Kd6 38. Rd5+ Kc6 39. Ke5 Nd4
40. c3 Nb3 41. Rd6+ Kc7 42. Rg6 b4 43. Kd5 a4 44. cxb4 1-0

[Event "LTU chess league"]
[Site "LTU"]
[Date "2009.03.01"]
[Round "7.14"]
[White "Vaicekauskas, Gytis"]
[Black "Rocius, Marijonas"]
[Result "0-1"]
[WhiteElo "1818"]
[BlackElo "2188"]
[PlyCount "84"]
[EventDate "2008.11.08"]

1. e4 c6 2. d4 d5 3. Nc3 dxe4 4. Nxe4 Nd7 5. Ng5 Ngf6 6. Bd3 e6 7. N1f3 Bd6 8.
Qe2 h6 9. Ne4 Nxe4 10. Qxe4 Qc7 11. Bd2 b6 12. O-O-O Nf6 13. Qe2 Bb7 14. Kb1
O-O-O 15. c4 Kb8 16. b4 c5 17. dxc5 bxc5 18. b5 e5 19. Bc2 e4 20. Nh4 g6 21.
Bc3 Be5 22. Qe1 Rxd1+ 23. Bxd1 Rd8 24. Bc2 Bxc3 25. Qxc3 Rd4 26. Rd1 Qd7 27.
Qg3+ Ka8 28. Rxd4 cxd4 29. Qe5 d3 30. Qxf6 dxc2+ 31. Kxc2 Qd3+ 32. Kb2 Qxc4 33.
Qd8+ Bc8 34. Qe8 g5 35. Nf5 Qb4+ 36. Kc2 Qc5+ 37. Kd2 Qxf2+ 38. Kd1 Qxf5 39.
Qc6+ Bb7 40. Qe8+ Qc8 41. Qxf7 Qd8+ 42. Ke2 Bd5 0-1

[Event "LTU chess league"]
[Site "LTU"]
[Date "2009.03.01"]
[Round "7.15"]
[White "Zaksaite, Salomeja"]
[Black "Zalimaite, Ieva"]
[Result "1-0"]
[WhiteElo "2211"]
[BlackElo "1857"]
[PlyCount "33"]
[EventDate "2008.11.08"]

1. e4 e6 2. d4 d5 3. Nc3 Bb4 4. e5 c5 5. Bd2 a6 6. Qg4 g6 7. a3 Bxc3 8. Bxc3
cxd4 9. Bxd4 Nc6 10. O-O-O b5 11. Nf3 Nge7 12. Qf4 Nf5 13. Bc5 Bb7 14. g4 Nh4
15. Ng5 Qd7 16. Qf6 Rg8 17. Ne4 1-0